000 00667nam a2200217Ia 4500
003 GCL
008 140319s9999 xx 000 0 ara d
040 _aGCL /
_cGCL
082 0 4 _a370.19
_bا ت
100 1 _aاحمد حسين اللقانى
245 1 0 _aالتربية الثقافية للطفل العربى /
_cاحمد حسين اللقانى
700 1 _aاحمد سويلم العمرى
260 _a[S.N] :
_bمركز الكتاب للنشر ،
_c1990
300 _a104
490 _aمعالم تربوية
_v0
650 0 4 _aالتربية
650 0 4 _aالثقافة
650 0 4 _aالاجتماع
650 0 4 _aالطفل
942 _2ddc
_cBK
999 _c31131
_d31131